01269nam a22001697a 450000500170000000800410001702000180005805000310007611000360010724501190014325000180026226000480028030000190032850001040034750505840045165000640103520231102151900.0151118b2014 mx ||||| |||| 00| 0 spa d a978368726830714aC KGF4758.31994 bM49 2015 aMéxico. Leyes, decretos, etc. aLey 2015 IVA e IESPS b: Impuesto al Valor Agregado; Impuesto Especial sobre Producción y Servicios; Reglamentos a23a.edición aMéxicob: Ediciones Fiscales ISEFc, 2014 a[pag. varía] aEsta edición contiene las disposiciones publicadas hasta la fecha de impresión de este producto aAbreviaturas Ley del Impuesto al Valor Agregado Correlacionada Artículos de la Ley de Ingresos de la Federación relacionados con la Ley del IVA y la Ley del IESPS Reglamento de la Ley del Impuesto al Valor Agregado Ley del Impuesto Especial sobre Producción y Servicios Correlacionada Reglamento de la Ley del Impuesto Especial sobre Producción y Servicios Decreto que Compila Diversos Beneficios Fiscales y Establece Medidas de Simplificación Administrativa Decreto por el que se Otorgan Beneficios Fiscales a quienes Tributen en el Régimen de Incorporación Fiscal14aIMPUESTO AL VALOR AGREGADOxLEYES Y LEGISLACIÓNzMÉXICO